Jóvenes: III evaluación del conocimiento. La Investigación sobre juvenud en México 1986-1999 /
Uloženo v:
| Hlavní autor: | |
|---|---|
| Korporace: | , |
| Médium: | Neznámo |
| Vydáno: |
México, D.F.:
IMJ
|
| Témata: | |
| Tagy: |
Přidat tag
Žádné tagy, Buďte první, kdo vytvoří štítek k tomuto záznamu!
|
MARC
| LEADER | 00000 a2200000 04500 | ||
|---|---|---|---|
| 001 | 26751 | ||
| 003 | |||
| 008 | 991231s d | ||
| 040 | |a CRAI/IIS |c CRAI/IIS | ||
| 020 | |a 968-5224-03-X | ||
| 022 | |a 968-5224-03-X | ||
| 090 | |a 149606 | ||
| 100 | |a Pérez Islas, José Antonio | ||
| 110 | |a Instituto Mexicano de la Juventud | ||
| 245 | |a Jóvenes: III evaluación del conocimiento. La Investigación sobre juvenud en México 1986-1999 / |c Instituto Mexicano de la Juventud | ||
| 260 | |a México, D.F.: |b IMJ | ||
| 300 | |a 634 p. en II tomos | ||
| 650 | |a JUVENTUD | ||
| 650 | |a SUBCULTURAS | ||
| 650 | |a MEDIOS DE COMUNICACION DE MASAS | ||
| 650 | |a TEORIA SOCIAL | ||
| 650 | |a MODERNIZACION | ||
| 650 | |a GLOBALIZACION | ||
| 650 | |a CAMBIO SOCIAL | ||
| 710 | |a Centro de Investigación y Estudios sobre Juventud | ||
| 999 | |c 17788 |d 17788 | ||



